| 000 | 02539nam0a2200397 4500 | ||
|---|---|---|---|
| 001 | RU\NLR\BIBL_A\012255250 | ||
| 005 | 20200714113315.0 | ||
| 010 |
_a978-5-4479-0231-5 _9100 |
||
| 021 |
_aRU _bКН-П-20-008181 _9КН-П-20-0624 |
||
| 035 | _a(NLR Aleph) 012255250 | ||
| 035 | _a(RuMoRGB)010274784 | ||
| 090 |
_a11102363 _c11102363 |
||
| 100 | _a20200324d2020 k y0rusy50 ca | ||
| 101 | 0 | _arus | |
| 102 | _aRU | ||
| 105 | _a||||zzzz0||zy | ||
| 181 | 0 |
_ai _baxxe |
|
| 182 | 0 | _an | |
| 200 | 1 |
_aПродуктивность сельскохозяйственных угодий в условиях расчленённых агроландшафтов зоны каштановых почв Волгоградской области _eмонография _fГ. С. Егорова, Ю. Н. Плескачёв, Н. С. Максимова _gМинистерство сельского хозяйства Российской Федерации, Департамент научно-технологической политики и образования, Федеральное государственное бюджетное образовательное учреждение высшего образования "Волгоградский государственный аграрный университет" |
|
| 203 |
_aТекст _bвизуальный _cнепосредственный |
||
| 210 |
_aВолгоград _cВолгоградский ГАУ _d2020 |
||
| 215 |
_a107 с. _cтабл. _d20 |
||
| 320 | _aБиблиогр.: с. 93-107 (180 назв.) | ||
| 606 | 1 |
_aКаштановые почвы _xПлодородие _yВолгоградская область _92444500 _3RU\NLR\AUTH\6601671703 |
|
| 606 | 1 |
_aСельскохозяйственные ландшафты _xДинамика _xВлияние земледелия _yВолгоградская область _92444502 _3RU\NLR\AUTH\6601671704 |
|
| 686 | 1 | _aП034.18-26(2Р354-4Во) | |
| 686 | 1 | _aП14(2Р354-4Во) | |
| 700 | 1 |
_7ca _8rus _aЕгорова _bГ. С. _cд-р с.-х. наук _gГалина Сергеевна _911865 _3RU\NLR\AUTH\7728835 |
|
| 701 | 1 |
_aПлескачев _bЮ. Н. _gЮрий Николаевич |
|
| 701 | 1 |
_7ca _8rus _aМаксимова _bН. С. _cканд. с.-х. наук _gНаталия Семёновна _9218131 _3RU\NLR\AUTH\770218187 |
|
| 942 | _cBOOK | ||
| 980 | _aNBR | ||
| 980 | _aNB | ||